| 000 | 00519nam a22001817a 4500 | ||
|---|---|---|---|
| 003 | NUST - PNEC | ||
| 005 | 20170116181205.0 | ||
| 008 | 160318b xxu||||| |||| 00| 0 eng d | ||
| 020 | _a9789696370628 | ||
| 040 | _cLIBRARY | ||
| 082 | _a | ||
| 100 |
_916770 _aHusain, Syed Mustafa Anwer |
||
| 245 |
_aCouldn't have been better : my life story _cSyed Mustafa Anwer Husain |
||
| 260 |
_aPakistan _bParamount Books (Pvt) Ltd. _cc.2015 |
||
| 300 | _a570 p. : | ||
| 650 |
_916771 _aPakistan _xGeneral |
||
| 942 |
_2ddc _cBK |
||
| 999 |
_c71624 _d71624 |
||